| 000 | 00850nam a2200241Ia 4500 | ||
|---|---|---|---|
| 008 | 191130s2008##################000#0#eng## | ||
| 020 | _a9781902505893 | ||
| 022 | _a2008426418 | ||
| 040 |
_aACL _cACL |
||
| 082 | _a338 SAM | ||
| 100 | _aSampson, Geoffrey | ||
| 245 |
_aElectronic business _cGeoffrey Sampson |
||
| 250 | _a2nd ed | ||
| 260 |
_aSwindon, UK _bBritish Computer Society _c2008 |
||
| 300 | _axx, 257 p. : ill. ; 25 cm | ||
| 500 | _aRev. ed. of: E.biz : the anatomy of electronic business. Amsterdam : Elsevier/Butterworth-Heinemann, 2004. Includes bibliographical references (p. 245-252) and index | ||
| 650 | _aBusiness enterprises - Computer networks | ||
| 650 | _aElectronic commerce | ||
| 710 | _aBritish Computer Society | ||
| 990 | _a437bb0faac10000c7b5ac74f753145be | ||
| 991 | _a161041 | ||
| 999 |
_c258500 _d258500 |
||